Statistics for Tile Select Quiz - General Knowledge

Click here to take the quiz!

General Stats

  • This quiz has been taken 105 times
  • The average score is 53 of 80

Answer Stats

QuestionTileSelect% Correct
countriesMonacoYes
98%
countriesVatican CityYes
97%
countriesHispaniolaNo
96%
countriesSicilyNo
96%
countriesAlaskaNo
92%
countriesGibraltarNo
89%
countriesSamoaYes
89%
prime numbers55No
87%
countriesTongaYes
87%
prime numbers105No
86%
countriesFaroe IslandsNo
86%
countriesSiberiaNo
86%
kings and queens of EnglandThomas IIINo
86%
prime numbers205No
85%
prime numbers3Yes
85%
kings and queens of EnglandHenry VIIYes
85%
kings and queens of EnglandPeter INo
85%
countriesSolomon IslandsYes
85%
kings and queens of EnglandEdward XNo
84%
countriesThe BahamasYes
84%
countriesPalauYes
82%
current English Premier League playersPep GuardiolaNo
82%
prime numbers7Yes
81%
kings and queens of EnglandGeorge VIYes
80%
countriesNauruYes
80%
countriesGreenlandNo
78%
PokémonRekattyNo
78%
countriesAmericaNo
77%
prime numbers5Yes
75%
kings and queens of EnglandElizabeth IIINo
75%
PokémonPeachersNo
75%
PokémonPikachuYes
73%
current English Premier League playersIvan ToneyNo
72%
current English Premier League playersRobin Van PersieNo
71%
prime numbers53Yes
70%
current English Premier League playersDidier DrogbaNo
70%
PokémonDinotaurNo
70%
kings and queens of EnglandPhillip IIINo
70%
kings and queens of EnglandEdward VIIIYes
69%
kings and queens of EnglandJames IIYes
69%
PokémonWormisterNo
69%
kings and queens of EnglandMary IYes
68%
PokémonTurantulingNo
67%
prime numbers103Yes
66%
prime numbers107Yes
66%
prime numbers201No
66%
PokémonCaterkingNo
66%
kings and queens of EnglandVictoria IINo
66%
current English Premier League playersHarry KaneYes
65%
current English Premier League playersLionel MessiNo
65%
current English Premier League playersThomas MüllerNo
65%
PokémonBulbasaurYes
63%
PokémonBoomcatNo
62%
PokémonFireloonNo
61%
kings and queens of EnglandHenry IXNo
60%
current English Premier League playersJamie VardyYes
57%
current English Premier League playersCristiano RonaldoNo
54%
prime numbers199Yes
53%
current English Premier League playersJadon SanchoNo
53%
kings and queens of EnglandWilliam VNo
53%
kings and queens of EnglandAnne IYes
52%
prime numbers51No
46%
prime numbers57No
46%
prime numbers109Yes
45%
current English Premier League playersAnthony MartialYes
43%
current English Premier League playersMason MountYes
43%
prime numbers203No
42%
kings and queens of EnglandJohn IYes
42%
PokémonMachokeYes
42%
current English Premier League playersSergio AgüeroYes
42%
PokémonMr. MimeYes
40%
PokémonMankeyYes
39%
PokémonArbokYes
38%
current English Premier League playersDele AlliYes
38%
prime numbers1No
32%
kings and queens of EnglandStephen IYes
31%
PokémonArceusYes
30%
PokémonSkuntankYes
30%
current English Premier League playersWilfred NdidiYes
26%
current English Premier League playersBernd LenoYes
20%

Score Distribution

Percentile by Number Answered

Percent of People with Each Score

Your Score History

You have not taken this quiz